000 00651nam a22002051 4500
001 bimo0000618504
003 OSt
005 20130909150601.0
008 900725s1966 sp spa
040 _aSpMaBN
_cBMC
082 _a920 Talleyrand Perigord, Charles Maurice
100 _9934
_aBrinton, Crane
_d1898-1968
245 1 4 _aLas vidas de Talleyrand
_cCrane Brinton ; [traducido por Atanasio Sanchez]
260 0 _aMadrid
_bEspasa-Calpe
_c1966
300 _a250 p.
_c18 cm
490 0 _aAustral
_v1384
600 _aTalleyrand-Périgord, Charles Maurice de,
_cprince de Bénèvent
_91007
700 _aSánchez, Atanasio
_9935
942 _2ddc
_cBK
999 _c745
_d745